000 00847nam a2200181 a 4500
008 100621s2005 ||||||||||||||||| || u
050 _aIBRD(08)
100 _aAnderson, Kym
245 1 0 _aSetting the trade policy agenda: what roles for economists
_cby Kym Anderson
260 _aWashington, D. C.
_bWorld Bank
_c2005
300 _a33p.: ill
350 _a0.00
490 _aPolicy Research Working Paper
650 _aINTERNATIONAL TRADE POLICY--ASIA, WESTERN
650 _aTRADE POLICY--ZIMBABWE
995 _aSPECIAL COLLECTIONS
_D0.00
_e03006558
_FCBU-MAIN LIBRARY (Kitwe)
_H1
_I0.00
_jIBRD(08)PRWP/3560/A
_M1
_UAVAILABLE
_WJun 21, 2010
_yZ03006558
_ZInternational Publications
995 _aSPECIAL COLLECTIONS
_D0.00
_e03006560
_FCBU-MAIN LIBRARY (Kitwe)
_H1
_I0.00
_jIBRD(08)PRWP/3560/B
_M2
_UAVAILABLE
_WJun 21, 2010
_yZ03006560
_ZInternational Publications
999 _c80429
_d80429